[Event "FIDE World Cup"]
[Site "Khanty-Mansiysk"]
[Date "2011.08.30"]
[Round "1.4"]
[White "Di Berardino, Diego Rafael"]
[Black "Kamsky, Gata"]
[Result "0-1"]
[WhiteElo "2480"]
[BlackElo "2741"]
[Annotator "Marin,M"]
[PlyCount "95"]
[EventDate "2011.08.28"]
[EventType "k.o."]
[EventRounds "7"]
[EventCountry "RUS"]
[SourceTitle "CBM 145"]
[Source "ChessBase"]
[SourceDate "2011.11.11"]
[SourceVersion "1"]
[SourceVersionDate "2011.11.11"]
[SourceQuality "1"]

1. d4 d5 2. c4 c6 3. Nc3 Nf6 4. e3 g6 5. Nf3 Bg7 6. Be2 O-O 7. O-O a6 8. a4 {
This mechanical way of preventing Black's queenside expansion has the
significant drawback of weakening the b4-square.} a5 $1 {Freezing the
queenside is worth losing a tempo. Besides, Black had to prevent a4-a5, which
would have yielded White a considerable space advantage.} 9. cxd5 {A rather
simplisitic approach. White relies on the fact that, apart from the initial
tempo, he has got one more after the last pawn moves. However, with only one
open file available and no constructive pawn breaks in sight, Black is
entitled to hope for gradually equalising.} (9. Qb3 {is aimed to put pressure
on the enemy queenside, preventing the active development of the bishop (as
well as ...Nbd7, in view of the hanging d5-pawn). However, if Black manages to
complete his development somehow, the queen is not especially well placed on
b3, preventing the consolidating move b2-b3.} e6 {This simple solutionprotects
d5 and is ready to start regrouping in accordance with White's own plan.
Another important aspect is that cxd5 is not a threat anymore because of ...
exd5! leading to a comfortable form of the Carlsbad structure, with no
minority attack available for White.} 10. Rd1 (10. Bd2 {may be a bit premature,
allowing} Ne4 11. Be1 Nd6 12. c5 Nf5 13. Rd1 Nd7 14. e4 {White seems to have
an active position, but his structure is not entirely coherent. I cannot stop
comparing this game with Gurevich-Salov, rom my recent article on the 4.Nbd2
d5 Bogoindian.} Ne7 15. Bd2 b6 16. cxb6 Qxb6 17. Qxb6 Nxb6 18. b3 Ba6 {
Iturrizaga Bonelli,E (2611)-Kamsky,G (2730)/Moscow 2011/CBM 141 (0-1, 64).
Black has solved all his problems and it is time for White to think about his
own.}) 10... Qe7 ({Black should probably refrain from the occupation of the
b4-square:} 10... Na6 11. Bd2 Re8 12. Rac1 Nb4 13. Na2 $1 {As we see, White
has little trouble breaking the blockade.} Nxa2 14. Qxa2 Ne4 15. Be1 Nd6 16. b3
Qe7 17. Ne5 Bd7 18. b4 axb4 19. Bxb4 Red8 20. a5 Be8 21. Qb3 Bf8 22. Bc5 $14 {
So,W (2640)-Malakhov,V (2706)/Khanty Mansiysk 2009/CBM 134 (1/2, 65)}) 11. Bd2
Nbd7 {From this square, the knight controls e5 and sustains the opening of the
centre with either ...e5 or ...c5.} 12. Qc2 Re8 13. Rac1 b6 14. e4 ({This does
not yield any advantage, but in the event of neutral white play Black can
become ambitious:} 14. b3 Bb7 15. Be1 Rac8 $132 {and ...c5 is in the air.})
14... dxe4 15. Nxe4 Bb7 $6 (15... e5 $5 $11) (15... Nxe4 16. Qxe4 Bb7 {
transposes to the game.}) 16. Bf4 (16. Nxf6+ $1 {Forcing Black to misplace one
of his pieces. If he wishes to keep the possibility of ...e5 with} Bxf6 {then}
17. c5 $5 $14 {is unpleasant, leaving Bb7 passive.}) 16... Nxe4 17. Qxe4 e5 18.
dxe5 Nxe5 19. Bxe5 {1/2 Banikas,H (2593)-Yilmaz,M (2519)/Paleochora 2011.
Black's position looks more appealing after} c5 {He can hope for
simplification to an ending with light-squared bishops, which would leave the
white queenside in danger.}) (9. b3 {consolidates the c4-pawn and prepares the
activation of the c1-bishop. On the other hand, the c3-square is weakened.} Bg4
{Exchanging one white knight is a logical way to start fighting for the dark
squares, which have been slightly weakened by the last move.} 10. Ba3 Re8 11.
cxd5 (11. h3 Bxf3 12. Bxf3 Na6 13. cxd5 Nxd5 14. Nxd5 cxd5 15. Be2 Nb4 16. Bb5
Rf8 17. Qd2 Qd6 18. Rac1 Rfc8 {White's position looks more active, but Black
will be able to simplify into a drawn ending with a pawn down.} 19. Rc3 Bf8 20.
Rfc1 Qd8 21. Rxc8 Rxc8 22. Rxc8 Qxc8 23. Bxb4 axb4 24. Qxb4 e6 25. Qd2 Bd6 $11
{Nyback,T (2615)-Rustemov,A (2532)/Hamburg 2009 (1/2, 30)}) 11... Nxd5 12. Nxd5
cxd5 13. Bb5 Nc6 14. h3 Bxf3 15. Qxf3 e6 16. Rac1 Rc8 17. Qe2 Bf8 18. Bc5 Bxc5
19. Rxc5 Qb6 (19... Re7 20. Bxc6 Rxc6 21. Rxc6 bxc6 22. Qa6 $16 {/\Rc1. With
his rook misplaced, Black cannot coordinate his forces to defend a5 and c6.}) (
19... Rf8 $5 {/\...Na7} 20. Bxc6 Rxc6 21. Qb5 Rxc5 22. Qxc5 b6 23. Qc6 $14) 20.
Qd2 Rb8 (20... Ra8 $1 {[%csl Ga5]}) 21. Rb1 Ra8 22. Rbc1 Rec8 23. R1c3 Na7 $11
{Berkes,F (2601)-Bu Xiangzhi (2664)/Taiyuan 2006/CBM 114 (1/2, 44)}) 9... cxd5
10. b3 ({Kamsky defended Black's point of view in a recent game after} 10. Qb3
Nc6 11. Bd2 Qd6 12. Rfc1 ({Since Black will retreat with his queen to b8
anyway, it does not make sense to take the knight away from the centre with} 
12. Nb5) 12... Rd8 13. h3 Qb8 14. Bb5 Qd6 (14... Qc7 $5) 15. Qa3 Qxa3 16. Rxa3
Bd7 17. Rb3 e6 18. Be2 Nb4 19. Ne5 Be8 20. Nb5 Ne4 21. Bxb4 axb4 22. Rxb4 Bf8
23. Rb3 Rxa4 24. Nc3 Rb4 $11 {Harikrishna,P (2669)-Kamsky,G (2741)/Ningbo 2011/
CBM 144 (1/2, 36)}) 10... Nc6 (10... Ne4 $6 11. Bb2 $6 (11. Nxe4 dxe4 12. Nd2
$14) 11... Nxc3 12. Bxc3 Nc6 {1/2 Sargissian,G (2673)-Negi,P (2615)/Sestao
2010/CBM 138}) 11. Ba3 Bg4 ({Di Berardino had faced before the rather slow
regrouping} 11... Ne8 12. Rc1 Nc7 13. Qd2 Re8 14. Rfd1 Bg4 15. h3 Bxf3 16. Bxf3
$14 {Di Berardino,D (2492)-Cubas,J (2463)/Santos 2010/CBM 137 Extra (1-0, 38)})
(11... Bf5 {looks playable:} 12. Rc1 Ne4 13. Nxe4 Bxe4 14. Nd2 (14. Bd3 {
Rajlich,I (2411)-Zhukova,N (2452)/Crete 2007 (1-0, 42)} Bxd3 15. Qxd3 Qd7 $11)
14... Bf5 15. Rc5 Qd6 16. Qa1 Nb4 17. Qc3 b6 18. Rc7 e5 $36 {Suba,M (2528)
-Stefanova,A (2451)/Coria del Rio 2002/CBM 086 ext (0-1, 50)}) 12. h3 $146 (12.
Rc1 Rc8 13. Ne5 Bf5 $6 {It is hard to understand why Black refrained from
exchanging his problem bishop.} (13... Bxe2 14. Qxe2 Re8 15. Rfd1 e6 16. Nb5
Bf8 $11) 14. g4 Be6 15. Nd3 $14 {Jojua,D (2463)-Zarkua,D (2377)/Tbilisi 2008/
CBM 123 Extra (1/2, 20). Black has some problems of coordination.}) 12... Bxf3
13. Bxf3 Qd7 14. Qd2 Rfc8 15. Rac1 e6 16. Rfd1 {Aiming for the opening of the
centre.} (16. Nb5 {does not prepare special problems for Black:} Bf8 17. Bxf8
Kxf8 18. Rc5 b6 19. Rc3 Nb4 20. Rfc1 Rxc3 21. Rxc3 Rc8 $11) 16... Bf8 17. Bxf8
Kxf8 18. e4 $5 {A double edged decision. White is tempted to open the long
diagonal, especially since the black rooks are concentrated on a narrow space
on the queenside. However, with just few minor pieces left, the isolani is
likely to become weak in the long run.} dxe4 19. Nxe4 ({He could have avoided
further piece exchanges with} 19. Bxe4 $1 Nb4 (19... Nxe4 20. Nxe4 Kg7 21. Qb2
Qd5 22. Nc3 Qf5 23. d5 $16) 20. Bf3 {, although Black would have little to
fear after} Kg7 $11) 19... Nxe4 20. Bxe4 Nb4 21. Rc4 $6 {Overestimating his
position.} ({He should have got rid of the isolani with} 21. d5 exd5 22. Bxd5
Nxd5 (22... Rxc1 23. Qxc1 Nxd5 24. Qc5+ $14) 23. Rxc8+ Rxc8 24. Qxd5 Qxd5 25.
Rxd5 b6 26. Rb5 (26. Rd6 Rb8 {[%cal Gf8e7]}) 26... Rc6 27. g4 {White's
advantage (consisting of the more active rook and kingside space advantage) is
microscopic.}) 21... Kg8 22. h4 Qe7 ({Kamsky is not interested in
strengthening White's centre, although this would have offered some chances to
unbalance the position.} 22... Rxc4 23. bxc4 Rc8 (23... Qxa4 24. Bxb7 $36) 24.
c5 Rc7 $13) 23. g3 Rd8 24. h5 Rd7 25. Qf4 Rad8 26. hxg6 $6 {White should not
have given up the possibility of playing h5-h6.} hxg6 27. Bf3 b6 28. Kg2 {
White can only sit and hope that Black will not find a way to increase the
pressure against the d4-pawn.} Qf8 29. Qg4 (29. Qe5 $5) 29... Qg7 30. Be2 $6 {
Careless.} (30. Qg5 Rxd4 $2 31. Qxd8+ $1 $18) 30... Qf6 $1 $15 {By placing the
queen on f6, Black has improved his position considerably.} 31. Bf3 Kg7 32. Be2
Nd5 33. Bf3 Ne7 $1 {[%cal Ge7f5] One can notice that the bishop is almost
useless in the main strategic battle.} 34. b4 Nf5 35. bxa5 bxa5 $17 36. d5 exd5
37. Rc5 Rb7 38. Rxa5 (38. Rcxd5 Rxd5 39. Bxd5 Rb4 40. Qe2 Rxa4 $17) 38... Rb2
$1 $40 {[%csl Gf2][%cal Gf6b6,Gf5e3]} 39. Qf4 Qb6 $6 (39... g5 $5 40. Qc1 g4 $1
41. Bxg4 Nh4+ $1 $19) (39... Rxf2+ 40. Kxf2 Qb6+ $40) 40. Rd2 $1 Ne3+ 41. Qxe3
Qxe3 42. Rxb2 Qc3 43. Rbb5 (43. Rab5 $5) 43... Qe1 44. Rxd5 Rh8 45. Bh5 gxh5 $1
(45... Rxh5 $2 46. Rxh5 gxh5 47. Rxh5 $11 {The a4-pawn is not important.
White's fortress is 100% safe.}) 46. Rg5+ Kf6 47. Rxh5 ({It would not be
trivial to win after} 47. Raf5+ Ke6 48. Rf4 Rc8 49. Rgf5) 47... Qe4+ 48. Kg1 (
48. Kg1 Rd8) 0-1

[Event "FIDE World Cup"]
[Site "Khanty-Mansiysk"]
[Date "2011.08.31"]
[Round "2.1"]
[White "Kasimdzhanov, Rustam"]
[Black "Kamsky, Gata"]
[Result "1/2-1/2"]
[WhiteElo "2669"]
[BlackElo "2741"]
[PlyCount "31"]
[EventDate "2011.08.28"]
[EventType "k.o."]
[EventRounds "7"]
[EventCountry "RUS"]
[SourceTitle "CBM 145"]
[Source "ChessBase"]
[SourceDate "2011.11.11"]
[SourceVersion "1"]
[SourceVersionDate "2011.11.11"]
[SourceQuality "1"]

1. d4 Nf6 2. c4 g6 3. Nc3 d5 4. cxd5 Nxd5 5. e4 Nxc3 6. bxc3 Bg7 7. Bc4 c5 8.
Ne2 Nc6 9. Be3 O-O 10. O-O Na5 11. Bd3 b6 12. Qd2 Bb7 13. Rac1 e6 14. Rfd1 cxd4
15. cxd4 Rc8 16. Rxc8 1/2-1/2

[Event "FIDE World Cup"]
[Site "Khanty-Mansiysk"]
[Date "2011.09.01"]
[Round "2.2"]
[White "Kamsky, Gata"]
[Black "Kasimdzhanov, Rustam"]
[Result "1-0"]
[WhiteElo "2741"]
[BlackElo "2669"]
[Annotator "Marin,M"]
[PlyCount "81"]
[EventDate "2011.08.28"]
[EventType "k.o."]
[EventRounds "7"]
[EventCountry "RUS"]
[SourceTitle "CBM 145"]
[Source "ChessBase"]
[SourceDate "2011.11.11"]
[SourceVersion "1"]
[SourceVersionDate "2011.11.11"]
[SourceQuality "1"]

1. e4 e5 2. Nf3 Nc6 3. Bb5 a6 4. Ba4 Nf6 5. O-O b5 6. Bb3 Bc5 7. a4 Rb8 8. axb5
axb5 9. Nxe5 $5 Nxe5 10. d4 Bxd4 11. Qxd4 d6 12. f4 {During the Italian team
championship 2011, I saw Kamsky's former second Emil Sutovsky using this
resolute line to beat Caruana. Strangely enough, the games from Il Campionato
Italiano a Squadri are not in the database, so you will have to take my word
for it.} Nc6 13. Qc3 Ne7 14. e5 Ne4 15. Qe1 Nc5 16. Ba2 O-O 17. Be3 $5 {
"Almost" a novelty.} ({White usually plays} 17. b4) 17... Bf5 18. b4 Ne6 19.
Qf2 d5 {The position has become typical for the Open Spanish. White has the
better of it, because of his chances for an enduring blockade on the dark
squares.} 20. c3 f6 21. exf6 Rxf6 22. Nd2 Qd6 23. Rfe1 Kh8 24. Bb3 h6 25. g3
Bg4 26. Bc5 Nxc5 27. Qxc5 Qxc5+ 28. bxc5 Ng6 29. Bxd5 Rd8 30. Bf3 Bxf3 31. Nxf3
Rd5 32. Ra8+ Kh7 33. Ree8 Rxc5 34. Nd4 Nxf4 35. gxf4 Rxf4 36. Ne6 Rg4+ 37. Kf2
Rf5+ 38. Ke3 h5 39. Ra6 g6 40. Re7+ Kh6 41. Ra8 1-0

[Event "FIDE World Cup"]
[Site "Khanty-Mansiysk"]
[Date "2011.09.04"]
[Round "3.2"]
[White "Nepomniachtchi, Ian"]
[Black "Kamsky, Gata"]
[Result "1-0"]
[WhiteElo "2711"]
[BlackElo "2741"]
[PlyCount "81"]
[EventDate "2011.08.28"]
[EventType "k.o."]
[EventRounds "7"]
[EventCountry "RUS"]
[SourceTitle "CBM 145"]
[Source "ChessBase"]
[SourceDate "2011.11.11"]
[SourceVersion "1"]
[SourceVersionDate "2011.11.11"]
[SourceQuality "1"]

1. c4 c5 2. Nf3 Nf6 3. Nc3 d5 4. cxd5 Nxd5 5. g3 g6 6. Bg2 Bg7 7. h4 Nc6 8. h5
Nxc3 9. bxc3 Bf5 10. Qb3 Qb6 11. Ng5 Qxb3 12. axb3 O-O 13. hxg6 hxg6 14. Ne4
Bxe4 15. Bxe4 Rfc8 16. e3 Rc7 17. Ke2 a6 18. g4 e6 19. Ba3 Na7 20. f4 Nb5 21.
Bb2 Nd6 22. Bf3 Rd8 23. Ra2 c4 24. bxc4 Nxc4 25. Ba1 Nd6 26. Rb1 Bf6 27. g5 Bg7
28. Rb6 Rdd7 29. Rb3 Re7 30. d4 Nc4 31. Kd3 Nd6 32. e4 Red7 33. e5 Nc8 34. c4
Ne7 35. Bc3 b5 36. cxb5 axb5 37. Ra8+ Rc8 38. Rxc8+ Nxc8 39. Rxb5 Bf8 40. Rb8
Rc7 41. Bb7 1-0

[Event "FIDE World Cup"]
[Site "Khanty-Mansiysk"]
[Date "2011.09.05"]
[Round "3.4"]
[White "Kamsky, Gata"]
[Black "Nepomniachtchi, Ian"]
[Result "1-0"]
[WhiteElo "2741"]
[BlackElo "2711"]
[PlyCount "103"]
[EventDate "2011.08.28"]
[EventType "k.o."]
[EventRounds "7"]
[EventCountry "RUS"]
[SourceTitle "CBM 145"]
[Source "ChessBase"]
[SourceDate "2011.11.11"]
[SourceVersion "1"]
[SourceVersionDate "2011.11.11"]
[SourceQuality "1"]

1. d4 g6 2. Nf3 Bg7 3. c3 d6 4. e4 b6 5. Bd3 Bb7 6. O-O Nd7 7. Re1 h6 8. Nbd2
e6 9. Nf1 Ne7 10. Ng3 c5 11. Be3 Qc7 12. a4 O-O 13. Qd2 Kh7 14. h4 e5 15. h5
Nf6 16. Qe2 Bc8 17. dxe5 dxe5 18. Nh2 Be6 19. Bc4 Qc8 20. Ba6 Qc7 21. Bc4 Bxc4
22. hxg6+ fxg6 23. Qxc4 Ne8 24. Rad1 Qc6 25. Nf3 Nc7 26. Rd2 Rad8 27. Red1 Rxd2
28. Rxd2 Nc8 29. Qd3 Qxa4 30. Qd7 Qxd7 31. Rxd7 Ne6 32. Nxe5 Rd8 33. Rb7 Re8
34. Nc6 Nd6 35. Rxa7 Nc4 36. Bc1 Rc8 37. Ne7 Rd8 38. Nd5 Kh8 39. Ne2 Nd6 40. f3
g5 41. Nxb6 Rb8 42. Nd5 Nc4 43. Ra2 Ne5 44. f4 gxf4 45. Bxf4 Rb7 46. Bxe5 Bxe5
47. Ra6 Ng5 48. Rxh6+ Kg7 49. Rh5 Nf7 50. b4 c4 51. Ne3 Kg6 52. Rf5 1-0

[Event "FIDE World Cup"]
[Site "Khanty-Mansiysk"]
[Date "2011.09.06"]
[Round "4.1"]
[White "Svidler, Peter"]
[Black "Kamsky, Gata"]
[Result "1-0"]
[WhiteElo "2739"]
[BlackElo "2741"]
[PlyCount "105"]
[EventDate "2011.08.28"]
[EventType "k.o."]
[EventRounds "7"]
[EventCountry "RUS"]
[SourceTitle "CBM 145"]
[Source "ChessBase"]
[SourceDate "2011.11.11"]
[SourceVersion "1"]
[SourceVersionDate "2011.11.11"]
[SourceQuality "1"]

1. e4 e5 2. Nf3 Nc6 3. Bb5 a6 4. Ba4 Nf6 5. O-O Be7 6. Re1 b5 7. Bb3 O-O 8. a3
d6 9. c3 Re8 10. d4 h6 11. Nbd2 Bf8 12. Ba2 Bb7 13. b4 a5 14. d5 Ne7 15. Nb3
axb4 16. cxb4 Rb8 17. Bb2 c6 18. Na5 Ba8 19. dxc6 Nxc6 20. Nxc6 Bxc6 21. Qd3
Qd7 22. Rac1 Rbd8 23. Bb1 Ba8 24. Qe2 g6 25. Bd3 Rb8 26. Rc2 Nh5 27. g3 Bg7 28.
Rec1 Qg4 29. Nd4 Qxe2 30. Nxe2 Nf6 31. Nc3 Bc6 32. f3 Bd7 33. Nd1 d5 34. exd5
e4 35. fxe4 Nxe4 36. Bxg7 Kxg7 37. Rc7 Bf5 38. Bxe4 Rxe4 39. Nc3 Rd4 40. Rd1
Rxd1+ 41. Nxd1 Ra8 42. Ne3 Be4 43. Re7 Bb1 44. Re5 Ra6 45. Kf2 h5 46. Kf3 Ba2
47. Ke4 Rxa3 48. Kd4 Rb3 49. d6 f6 50. Re7+ Kf8 51. Nd5 Bb1 52. Kc5 Rd3 53. Ra7
1-0

[Event "FIDE World Cup"]
[Site "Khanty-Mansiysk"]
[Date "2011.09.07"]
[Round "4.2"]
[White "Kamsky, Gata"]
[Black "Svidler, Peter"]
[Result "0-1"]
[WhiteElo "2741"]
[BlackElo "2739"]
[Annotator "Ftacnik,L"]
[PlyCount "56"]
[EventDate "2011.08.28"]
[EventType "k.o."]
[EventRounds "7"]
[EventCountry "RUS"]
[SourceTitle "CBM 145"]
[Source "ChessBase"]
[SourceDate "2011.11.11"]
[SourceVersion "1"]
[SourceVersionDate "2011.11.11"]
[SourceQuality "1"]

1. e4 e5 2. Nf3 Nc6 3. Bb5 a6 4. Ba4 Nf6 5. O-O b5 6. Bb3 Bc5 {Svidler has
returned to the scene of top chess after somehting of a break, when he played
distinctly less. The distance seems to have done him good; Peter is playing
with aplomb, certainty and fantasy. The Arkhangel Variation of the Spanish
Opening used to be deemed risky, but nowadays the superstitions are gone.} 7.
a4 Rb8 8. axb5 axb5 9. c3 d6 10. d4 Bb6 11. Be3 O-O 12. Nbd2 h6 13. h3 Re8 14.
Qc2 {Kamsky was proclaimed an exceptional chess talent in his youth, and the
gift seems to serve him well even after a break of several years away from the
board. The queen on the c2-square is supporting the centre and also indirectly
monitoring the c-file.} (14. Qe2 Bd7 15. Bc2 Nh7 16. Bd3 exd4 17. cxd4 Nb4 18.
Bb1 Nf8 19. Rc1 Ra8 20. Ra3 c6 21. Rb3 Na6 22. Bd3 $14 {1-0 Van den Doel,E 
(2440)-Lane,G (2420)/Wrexham 1997 (40)}) (14. Re1 Bb7 (14... exd4 15. cxd4 Na5
16. Bc2 Bb7 17. d5 c6 18. b4 Nc4 19. Nxc4 bxc4 20. Ba4 Bxe3 21. Rxe3 Qb6 22.
Nd2 Red8 23. Bxc6 Bxc6 24. Nxc4 Qc7 25. dxc6 Rxb4 26. Rc1 $14 {1-0 Navara,D 
(2708)-Tkachiev,V (2636)/Wijk aan Zee 2011 (35)}) 15. d5 Bxe3 16. Rxe3 Ne7 17.
Nf1 Ng6 18. Ra7 Qc8 19. Ng3 Ra8 20. Qa1 Rxa7 21. Qxa7 Qa8 22. Qxa8 Rxa8 $15 {
1/2-1/2 Fusco,L (2341)-Ragger,M (2528)/Yerevan 2007 (60)}) 14... exd4 15. cxd4
(15. Nxd4 Nxd4 16. Bxd4 c5 17. Bxf6 Qxf6 18. Bd5 c4 $11) 15... Na5 (15... Bb7
$5 16. d5 Nb4 17. Qc3 Bxe3 18. fxe3 c5 19. dxc6 Nxc6 $11) 16. Ba2 Bb7 {Svidler
can claim to have positional feeling on a par with that of his opponent. It
helps him to realise, that he has to succeed with the pressure against White's
centre.} (16... Be6 17. Bxe6 Rxe6 18. d5 Re8 19. Rfe1 $16) 17. e5 Nd5 (17...
dxe5 18. dxe5 Nd5 19. Bxb6 cxb6 20. Qe4 $16) 18. Bb1 g6 19. Bxh6 (19. Ba2 Kg7
$11) 19... Nc6 $1 {The pawn sacrifice on the h6-square was surely anything but
a dream solution for the defender. Black has achieved significant pressure
against the central pawns and White could hardly claim to have achieved the
optimal coordination of his pieces.} 20. exd6 (20. Ne4 Nxd4 21. Nxd4 Bxd4 22.
Bg5 Qd7 23. exd6 cxd6 24. Qd2 Bb6 $13) 20... Qxd6 21. Ne4 (21. Nb3 Nf4 22. Bxf4
Qxf4 23. Qc1 $11) 21... Qb4 22. Ba2 Nxd4 23. Nf6+ $5 {Kamsky has sensed very
well, that the black pieces are quite exposed and the position is holding only
with the help of tactics.} (23. Nxd4 Bxd4 24. Nc3 Qc5 $15) 23... Kh8 (23...
Nxf6 $4 24. Qxg6+ $18) 24. Nxd4 $2 {[%mdl 64] Chessplayers must fight against
many enemies in the course of a game. One of the most dangerous in the home
ranks is the unsatiable desire to win some of the opponent's material. White
was probably frustrated by the meagre gains after the correct move 24.Nxd5!
and has decided to accept the risk and win an exchange.} (24. Nxd5 $1 Nxf3+ (
24... Bxd5 25. Nxd4 Bxa2 26. Nc6 Qc4 27. Qxc4 Bxc4 28. Nxb8 Bxf1 29. Nd7 Bd3
30. Nxb6 cxb6 31. Be3 $14) 25. gxf3 Bxd5 26. Bxd5 Qh4 27. Qc3+ Bd4 (27... f6
28. Kg2 Re5 29. f4 Rxd5 30. Bg5 Rxg5+ 31. fxg5 Qxg5+ 32. Qg3 $16) 28. Qxc7 Qxh6
29. Bxf7 Qg5+ 30. Kh1 Qf5 31. Qg3 Qxf7 32. Qh4+ Kg8 33. Qxd4 Qxf3+ 34. Kg1 $14)
24... Nxf6 25. Nc6 (25. Nf3 Bxf3 26. gxf3 Qh4 27. Be3 Qxh3 28. Bxf7 Re7 29.
Qxg6 Rxf7 30. Qxf7 Rg8+ $19) 25... Qh4 $1 26. Nxb8 (26. Bc1 Ra8 27. b4 Re4 28.
Bb2 Rxa2 29. Rxa2 Rc4 $19) (26. Be3 Rxe3 27. fxe3 Re8 28. Rxf6 (28. Qc3 Rxe3
29. Qxf6+ Qxf6 30. Rxf6 Re1+ 31. Kh2 Rxa1 32. Bd5 Bc5 $19) 28... Qxf6 29. Bd5
Rxe3 30. Kh1 Kg7 $19) 26... Re2 $3 {This original, fresh and very logical
combination is definitely ruining White's dreams. The rook can not be taken
due to the loss of the control over c6-square, but the second rank will become
the scene of a major catastrophe.} 27. Qc3 (27. Qxe2 Qg3 $19) 27... Rxf2 28.
Nc6 (28. Rxf2 Qxf2+ 29. Kh1 Qxg2#) (28. Nd7 Rxg2+ 29. Kh1 Rg3+ 30. Kh2 Qxh3#)
28... Rxf1+ {It is difficult to criticise Svidler for not choosing the
technically strongest exchange on the c6-square, after which preventing mate
becomes next to impossible.} (28... Bxc6 $5 29. Qxc6 Rxf1+ 30. Kh2 Ng4#) (28...
Rxf1+ 29. Kh2 Rxa1 $19) 0-1

[Event "ROM-chT"]
[Site "Brasov"]
[Date "2011.10.14"]
[Round "7.5"]
[White "Jianu, Vlad Cristian"]
[Black "Kamsky, Gata"]
[Result "0-1"]
[WhiteElo "2502"]
[BlackElo "2756"]
[PlyCount "72"]
[EventDate "2011.10.08"]
[EventType "team-tourn"]
[EventRounds "9"]
[EventCountry "ROU"]
[SourceTitle "CBM 144 Extra"]
[Source "ChessBase"]
[SourceDate "2011.10.28"]
[SourceVersion "1"]
[SourceVersionDate "2011.10.28"]
[SourceQuality "1"]
[WhiteTeam "Lugoj"]
[BlackTeam "Timisoara Luxten"]
[WhiteTeamCountry "ROU"]
[BlackTeamCountry "ROU"]

1. d4 Nf6 2. c4 e6 3. Nf3 b6 4. Nc3 Bb7 5. Bg5 Be7 6. Qc2 h6 7. Bh4 c5 8. dxc5
bxc5 9. e3 O-O 10. Rd1 Nc6 11. Be2 Nh5 12. Bxe7 Qxe7 13. O-O f5 14. Rd2 Nf6 15.
Rfd1 Rad8 16. Ne1 Ne5 17. Qa4 Ne4 18. Nxe4 fxe4 19. Qxa7 Bc6 20. Qc7 Qg5 21. g3
Rf5 22. Ng2 Rdf8 23. Rf1 Qf6 24. Qd6 Nf7 25. Qc7 Ng5 26. Nf4 e5 27. Rd6 Qf7 28.
Bh5 Nh3+ 29. Nxh3 Qxh5 30. Kg2 Qf3+ 31. Kg1 Rh5 32. Rxd7 Bxd7 33. Qxd7 Rff5 34.
Rd1 Rxh3 35. Qe6+ Kh7 36. Rd2 Rxg3+ 0-1